000 00800nam a22001577a 4500
005 20241204151346.0
008 230711b ||||| |||| 00| 0 eng d
040 _cSSBUL
_dSSBUL
082 _223
_a၃၂၀.၉၅၉၁ ဗ
_b၁၆၁၄၁ (S-SAT)
245 _aဗကပ၊ ကေအင်န်ယူစိန်ဝင်းတို့၏ ပြည်ဖျက်လုပ်ရပ်များ /
260 _aရန်ကုန် ၊
_bကြေးမုံသတင်းစာတိုက်၊
_c၁၉၉၁။
300 _a၁၈၇ စာမျက်နှာ၊
_c၂၃ စင်တီ။
500 _aS-SAT: Dr. Sai Aung Tun Collection
651 _aမြန်မာနိုင်ငံ
_xနိုင်ငံရေးနှင့်အစိုးရ။
942 _2ddc
_cBK1
999 _c27042
_d27042